LEADER 01194nam a2200277 u 4500 001 000000114303 003 CaOOAMICUS 005 20090121160726.0 008 090121s2009 it u000 u ita r 020 $z978-88-8057-328-9* 040 $aPUL$bita$dLDB 100 1 $aMauro, Roberto,$d1954-2007.$0(OLS)http://pul/name/70500 245 10$aPrimo Levi :$bil dialogo è interminabile /$cRoberto Mauro ; prefazione di Piero Stefani. 260 $aFirenze :$bGiuntina,$cc2009. 300 $axiii, 148 p. ;$c21 cm. 490 1 $aSchulim Vogelmann 504 $aBibliografia : p. 143-148. 600 14$aLevi, Primo,$d1919-1987.$0(OLS)http://pul/subject/34969 650 14$aOlocausto.$0(OLS)http://pul/subject/25039 830 0$aSchulim Vogelmann.$0(OLS)http://pul/title/143653 850 $aPUL 852 $aPUL$W1$xDP2 Cons. Gen., Altre Classi 3$y97$m853. 914 MAURO 1$j130621$qDDC 21$B129691$CPULBib$Z2$F129691 $H109219 $81 941 1 $a9 996 $6020$z978-88-8057-328-9*$9(OLS)http://pul/number/139456 996 $6245$aPrimo Levi :$bil dialogo è interminabile$9(OLS)http://pul/title/143652 996 $6260$aFirenze :$bGiuntina$9(OLS)http://pul/publisher/61176 LEADER 01398nam a2200265 u 4500 001 000000078805 003 CaOOAMICUS 005 20070226123454.0 008 040517s1998 it u000 u ita u 035 $a10995338 040 $aPUL$bita 100 1 $a?ubeli?, Ivan.$0(OLS)http://pul/name/52497 245 13$aLa conferenza episcopale della Jugoslavia 1918-1922 :$bfisionomia dell'istituto ed evoluzione del diritto particolare /$cIvan ?ubeli?. 260 $aRoma :$bPontificia Università Lateranense,$c1998. 300 $a237 p. ;$c24 cm 500 $aIn testa al front.: "Pontificia Universitas Lateranensis. Thesis ad doctoratum in Jure Canonico." 502 $aDiss. (doct.) -- Pontificia Universitas Lateranensis. 504 $aBibliografia in appendice. 611 24$aConferenza episcopale$zJugoslavia$xStoria.$0(OLS)http://pul/subject/27423 650 4$aDiritto canonico$xCritica e interpretazione.$0(OLS)http://pul/subject/2587 850 $aPUL 852 $aPUL$W1$xDP1 Tesi Pon Univ. Lateranense$y41$mTH PUL 798$j100995$nBK-PRI$b $qTesi$B100995$CPULBib$Z2$F100995 $HPUL79997 $81 941 1 $a16 996 $6245$aLa conferenza episcopale della Jugoslavia 1918-1922 :$bfisionomia dell'istituto ed evoluzione del diritto particolare$9(OLS)http://pul/title/103175 996 $6260$aRoma :$bPontificia Università Lateranense$9(OLS)http://pul/publisher/47963